Sikh History Boo-III (Record no. 1241372)

MARC details
000 -LEADER
fixed length control field 00464nam a2200193Ia 4500
008 - FIXED-LENGTH DATA ELEMENTS--GENERAL INFORMATION
fixed length control field 151121s9999||||xx |||||||||||||| ||und||
082 ## - DEWEY DECIMAL CLASSIFICATION NUMBER
Classification number 823-/
082 ## - DEWEY DECIMAL CLASSIFICATION NUMBER
Item number HNW-59745
100 ## - MAIN ENTRY--PERSONAL NAME
Personal name Singh Kartar
245 ## - TITLE STATEMENT
Title Sikh History Boo-III
260 ## - PUBLICATION, DISTRIBUTION, ETC. (IMPRINT)
Name of publisher, distributor, etc "Hemkant Press, N। Delhi।"
260 ## - PUBLICATION, DISTRIBUTION, ETC. (IMPRINT)
Date of publication, distribution, etc --
300 ## - PHYSICAL DESCRIPTION
Extent 96
600 ## - SUBJECT ADDED ENTRY--PERSONAL NAME
Personal name Singh Kartar
630 ## - SUBJECT ADDED ENTRY--UNIFORM TITLE
Uniform title Sikh History Boo-III
700 ## - ADDED ENTRY--PERSONAL NAME
Personal name Singh Kartar
730 ## - ADDED ENTRY--UNIFORM TITLE
Uniform title Sikh History Boo-III
942 ## - ADDED ENTRY ELEMENTS (KOHA)
Koha item type Book
Holdings
Withdrawn status Lost status Damaged status Not for loan Home library Current library Date acquired Cost, normal purchase price Total Checkouts Full call number Barcode Date last seen Cost, replacement price Price effective from Koha item type
        Hirachand Nemchand Wachanalaya, Solapur Hirachand Nemchand Wachanalaya, Solapur 11/21/2015 13.00   HNW-59745 HNW-59745 11/21/2015 13.00 11/21/2015 Book